[Event " Andre Philidor 1749-1795"]
[Site "http://www.queenalice.com/game.php?id=1415549"]
[Date "2016.3.29"]
[Round "-"]
[White "capablanca2015"]
[Black "Marty"]
[Result "1-0"]
[WhiteElo "1641"]
[BlackElo "1612"]

1. e4 e5 2. f4 exf4 3. Nf3 d5 4. exd5 Qxd5 5. d4 Nc6 6. Bxf4 Bd6 7. Bxd6 cxd6 8.
c3 Bg4 9. Be2 Nf6 10. O-O Ne4 11. Nbd2 O-O 12. Nxe4 Qxe4 13. Qd3 d5 14. Rae1
Rae8 15. Ne5 Bxe2 16. Qxe4 dxe4 17. Rxe2 Nxe5 18. dxe5 Rxe5 19. Rd1 f5 20. Rd7
f4 21. Rxb7 Rf7 22. Rxf7 Kxf7 23. Kf2 g5 24. b4 e3+ 25. Kf3 a5 26. g3 Kf6 27.
gxf4 gxf4 28. Kxf4 Ke6 29. Rxe3 1-0

[Event "Joseph Wilson 1789 - 1795"]
[Site "http://www.queenalice.com/game.php?id=1415552"]
[Date "2016.3.29"]
[Round "-"]
[White "Marty"]
[Black "capablanca2015"]
[Result "0-1"]
[WhiteElo "1629"]
[BlackElo "1598"]

1. e4 e5 2. Nf3 Nc6 3. d4 exd4 4. Nxd4 Nge7 5. Bc4 Nxd4 6. Qxd4 Nc6 7. Qd5 Qe7
8. Bf4 Nb4 9. Qd2 Qxe4+ 10. Kd1 Be7 11. Bd3 Nxd3 12. cxd3 Qc6 13. Qe3 d6 14. Bg5
Be6 15. Nc3 Bxg5 16. Qxg5 O-O 17. Re1 Qb6 18. Re2 a5 19. Na4 Qd4 20. Nc3 Rae8
21. Kd2 Qg4 22. Ne4 Qxg5+ 23. Nxg5 Bf5 24. Rae1 h6 25. Ne4 Re6 26. d4 Rfe8 27.
Kd3 d5 0-1

[Event "Wilhelm Cohn 1897 - 1913"]
[Site "http://www.queenalice.com/game.php?id=1415575"]
[Date "2016.3.29"]
[Round "-"]
[White "capablanca2015"]
[Black "erivaldoadao"]
[Result "0-1"]
[WhiteElo "1713"]
[BlackElo "1837"]

1. d4 d5 2. Nc3 Nf6 3. Bg5 e6 4. Nf3 Be7 5. e3 O-O 6. Bd3 h6 7. Bh4 a6 8. O-O b5
9. Ne5 c5 10. dxc5 Bb7 11. b4 Nbd7 12. Qf3 Nxe5 0-1

[Event "Jackson Showalter 1889 - 1926"]
[Site "http://www.queenalice.com/game.php?id=1415576"]
[Date "2016.3.29"]
[Round "-"]
[White "erivaldoadao"]
[Black "capablanca2015"]
[Result "1-0"]
[WhiteElo "1825"]
[BlackElo "1725"]

1. d4 d5 2. Nc3 Nf6 3. Nf3 e6 4. Bg5 Be7 5. e3 O-O 6. Bd3 c6 7. O-O Nbd7 8. e4
h6 9. Bh4 Nh7 10. Bxe7 Qxe7 11. exd5 cxd5 12. Bxh7+ Kh8 13. Bd3 1-0

[Event "Harry  Pillsbury 1892 - 1905"]
[Site "http://www.queenalice.com/game.php?id=1415890"]
[Date "2016.3.30"]
[Round "-"]
[White "capablanca2015"]
[Black "Jomaley"]
[Result "0-1"]
[WhiteElo "1608"]
[BlackElo "1596"]

1. d4 d5 2. Nc3 Be6 3. Nf3 f6 4. e3 Bg4 5. Be2 h5 6. O-O c6 7. Ne1 Qd7 8. Bf3
Bxf3 9. Nxf3 h4 10. h3 g5 11. Nh2 Na6 12. Re1 O-O-O 13. Bd2 Nh6 14. f4 gxf4 0-1

[Event "Mikhail Chigorin 1874 - 1907"]
[Site "http://www.queenalice.com/game.php?id=1415891"]
[Date "2016.3.30"]
[Round "-"]
[White "Jomaley"]
[Black "capablanca2015"]
[Result "1-0"]
[WhiteElo "1624"]
[BlackElo "1592"]

1. e4 e5 2. Nf3 Nc6 3. c3 d6 4. b4 Bg4 5. h4 Bxf3 6. Qxf3 a6 7. b5 Nf6 8. Bc4
Na5 9. bxa6 Nxc4 10. axb7 Rb8 11. Qd3 Nb6 12. Qb5+ Nfd7 13. a4 Rxb7 14. a5 1-0

[Event "Richard Teichmann 1893 - 1924"]
[Site "http://www.queenalice.com/game.php?id=1415892"]
[Date "2016.3.30"]
[Round "-"]
[White "capablanca2015"]
[Black "vangogh"]
[Result "1-0"]
[WhiteElo "1872"]
[BlackElo "1542"]

1. Nf3 d5 2. d4 Nc6 3. e3 a6 4. Nc3 Bg4 5. Be2 Bxf3 6. Bxf3 e6 7. O-O Qd6 8. Be2
Nf6 9. Bd3 O-O-O 10. Na4 b5 11. Nc5 Ng4 12. Qxg4 f5 13. Qe2 g6 14. Nxa6 h5 15.
Bxb5 Na5 16. Bd2 Nb7 17. Bb4 c5 18. dxc5 Qe5 19. c3 f4 20. exf4 Qxe2 21. Bxe2
Be7 22. c6 Nd6 23. Nc5 Rdf8 24. Ba6+ Kc7 25. Nxe6+ 1-0

[Event "Geza Maroczy 1894 - 1947"]
[Site "http://www.queenalice.com/game.php?id=1415893"]
[Date "2016.3.30"]
[Round "-"]
[White "vangogh"]
[Black "capablanca2015"]
[Result "0-1"]
[WhiteElo "1545"]
[BlackElo "1869"]

1. e4 e5 2. d4 exd4 3. Qxd4 Nc6 4. Qd1 d6 5. h3 Nf6 6. Bg5 Be7 7. Bxf6 Bxf6 8.
c3 O-O 9. Nf3 Be6 10. b4 a6 11. a3 d5 12. Bd3 dxe4 13. Bxe4 Qxd1+ 14. Kxd1 Bb3+
15. Bc2 Rad8+ 16. Kc1 Bxc2 17. Kxc2 Rfe8 18. Nbd2 Re2 19. Rhf1 Ne5 20. Nd4 Nc4
21. Nxe2 Rxd2+ 22. Kb3 b5 23. Nf4 Rb2# 0-1

[Event "David  Baird 1880 - 1906"]
[Site "http://www.queenalice.com/game.php?id=1415896"]
[Date "2016.3.30"]
[Round "-"]
[White "capablanca2015"]
[Black "Scaracioli"]
[Result "0-1"]
[WhiteElo "1774"]
[BlackElo "1769"]

1. Nc3 c6 2. e4 e5 3. d3 Bb4 4. Bd2 d5 5. Nf3 f6 6. exd5 Bxc3 7. Bxc3 Qxd5 8.
Be2 Ne7 9. O-O g5 10. Ne1 Bf5 11. Bg4 Bxg4 12. Qxg4 Nd7 13. Qe4 Qe6 14. d4 O-O
15. Nf3 Rf7 16. Rad1 f5 17. Nxg5 Qf6 0-1

[Event "Amos Burn 1869 - 1912"]
[Site "http://www.queenalice.com/game.php?id=1415897"]
[Date "2016.3.30"]
[Round "-"]
[White "Scaracioli"]
[Black "capablanca2015"]
[Result "1-0"]
[WhiteElo "1751"]
[BlackElo "1792"]

1. e4 e5 2. Nf3 Nc6 3. d4 exd4 4. Nxd4 Nge7 5. Nc3 Nxd4 6. Qxd4 Nc6 7. Qe3 Bb4
8. Bd2 O-O 9. Bd3 Ne5 10. Be2 d6 11. f4 Ng4 12. Bxg4 Bxg4 13. h3 Bd7 14. a3 Ba5
15. f5 Qe7 16. b4 Bb6 17. Qf4 Qe5 18. Qxe5 1-0

[Event "Paul Lipke 1893 - 1898"]
[Site "http://www.queenalice.com/game.php?id=1415900"]
[Date "2016.3.30"]
[Round "-"]
[White "capablanca2015"]
[Black "maurice91"]
[Result "0-1"]
[WhiteElo "1808"]
[BlackElo "1809"]

1. d4 d5 2. Nc3 Bf5 3. Bf4 a6 4. e3 Nf6 5. Bd3 Bxd3 6. Qxd3 e6 7. a3 c5 8. dxc5
Bxc5 9. Nf3 Nc6 10. O-O O-O 11. Ne5 Nd7 12. Nxd7 Qxd7 13. Bg3 Rad8 14. Na4 Ba7
15. f4 b5 16. Nc3 f5 17. Be1 d4 18. Ne2 dxe3 19. Qb3 Qf7 20. Kh1 Rd7 21. Bc3 Re8
0-1

[Event "Georg Marco 1890 - 1922"]
[Site "http://www.queenalice.com/game.php?id=1415901"]
[Date "2016.3.30"]
[Round "-"]
[White "maurice91"]
[Black "capablanca2015"]
[Result "1-0"]
[WhiteElo "1792"]
[BlackElo "1825"]

1. d4 d5 2. Nf3 Nc6 3. Bf4 Bf5 4. c3 Nf6 5. e3 a6 6. Be2 e6 7. h3 Bd6 8. Bxd6
Qxd6 9. Nh4 Bxb1 10. Rxb1 Ne4 11. O-O O-O 12. f4 Ng3 13. Rf3 Nxe2+ 14. Qxe2 Na5
15. b3 c5 16. g4 cxd4 17. cxd4 Qd8 18. g5 f6 19. Rg3 fxg5 20. Rxg5 1-0

[Event "2"]
[Site "http://www.queenalice.com/game.php?id=1423021"]
[Date "2016.5.14"]
[Round "-"]
[White "capablanca2015"]
[Black "FV2000"]
[Result "0-1"]
[WhiteElo "1620"]
[BlackElo "1100"]

1. e4 e5 2. f4 exf4 3. Nf3 Nf6 4. Nc3 Bc5 5. d4 Bb6 6. Bxf4 O-O 7. Bd3 Re8 8. e5
Nh5 9. Be3 d5 10. O-O Nc6 11. Bxh7+ Kh8 12. Bd3 Bg4 13. h3 Be6 0-1

[Event "3"]
[Site "http://www.queenalice.com/game.php?id=1423117"]
[Date "2016.5.15"]
[Round "-"]
[White "ulisses67"]
[Black "capablanca2015"]
[Result "1-0"]
[WhiteElo "1582"]
[BlackElo "1656"]

1. e4 e5 2. Qh5 Nc6 3. Bc4 Qf6 4. d3 Bc5 5. Nh3 Qg6 6. Qxg6 hxg6 7. Ng5 Nh6 8.
h4 O-O 9. h5 Nd4 10. Bb3 c6 11. hxg6 1-0

[Event "4"]
[Site "http://www.queenalice.com/game.php?id=1423118"]
[Date "2016.5.15"]
[Round "-"]
[White "ulisses67"]
[Black "capablanca2015"]
[Result "1-0"]
[WhiteElo "1601"]
[BlackElo "1637"]

1. c4 Nf6 2. d4 e6 3. d5 exd5 4. cxd5 d6 5. Nc3 Bf5 6. Qa4+ Nbd7 7. e3 Be7 8.
Bb5 O-O 9. e4 Bg6 10. Nf3 Nb6 11. Qd4 1-0